000 01004nam a2200217Ia 4500
003 GCL
008 140319s9999 xx 000 0 ara d
040 _aGCL /
_cGCL
082 0 4 _aق
_b962.06
_bم م
100 1 _aمحمد الجوادى
245 1 0 _aمذكرات الضباط الاحرار: مدارسة تاريخية نقدية لمذكرات محمد نجيب وعبداللطيف البغدادى وخالد محىالدين وعبدالمنعم عبدالروؤف وجمال منصور وعبدالفتاح ابوالفضل وحسين حمودة /
_cمحمد الجوادى
300 _a167 ص
490 _aالهيئة العامة للاستعلامات
_v0
650 0 4 _aمحمد نجيب
650 0 4 _aالاخوان المسلمون
650 0 4 _aمصر - تاريخ - العصر الحديث - ثورة 1919
650 0 4 _aمصر - تاريخ - العصر الحديث (1805 - 1956 )
650 0 4 _aالضباط - مصر
650 0 4 _aخالد قمرالدين
942 _2ddc
_cBK
999 _c50483
_d50483